00395nam a22001337a 450000500170000000800410001704100250005808200130008310000250009624500520012126000360017330000260020965000260023520240216071338.0240216b |||||||| |||| 00| 0 eng d aAfrikaans / English  a349 TYD  lAfrikaans / English  aTydskrif vir Hedendaagse Romeins-Hollandse Reg  aDurban : bButterworth, c2022  b150 pages ; c25 cm.  aLegal practice bLaw